| 000 | 01024na a2200313 4500 | ||
|---|---|---|---|
| 001 | 22554 | ||
| 003 | MIRAKIL | ||
| 005 | 20181213155022.0 | ||
| 008 | 170216b tu 000 0 | ||
| 035 | _a15247 | ||
| 040 |
_aMilas _btur _cTR-AnCHP |
||
| 041 | _atur | ||
| 082 |
_aCHP 361.23 _bC36e [t.y.] |
||
| 090 | _aCHP 361.23 C36e [t.y.] | ||
| 091 | _aTOPLUMSAL HAREKET-Eylemler | ||
| 110 |
_aCumhuriyet Halk Partisi (CHP) _bAnkara İl Gençlik Kolları |
||
| 245 |
_aEylem raporu _cCHP Ankara İl Gençlik Kolları |
||
| 246 | _aCHP eylem raporu | ||
| 260 |
_aAnkara _bCHP Ankara İl Gençlik Kolları _c[t.y.] |
||
| 300 |
_bfotg. _c19 sm. |
||
| 440 | _aCumhuriyet Halk Partisi yayınları | ||
| 490 | _aAnkara İl Gençlik Kolları | ||
| 610 |
_aCumhuriyet Halk Partisi (CHP) _bAnkara İl Gençlik Kolları _xRaporlar _yToplumsal hareketler |
||
| 650 |
_aGençlik hareketi _xTarih _zTürkiye |
||
| 650 |
_aEylemler _xTarih _zTürkiye |
||
| 830 | _aCHP raporları | ||
| 942 |
_2ddc _cBKS |
||
| 999 |
_c4945 _d4945 |
||